Statistics for Every Glen Campbell song that hit the Billboard hot 100

Click here to take the quiz!

General Stats

  • This quiz has been taken 9 times
  • The average score is 5 of 37

Answer Stats

Peak Chart PositionYearSong% Correct
11975Rhinestone Cowboy
88%
11977Southern Nights
50%
391968Gentle On My Mind
50%
31969Wichita Lineman
50%
41969Galveston
50%
261967By The Time I Get To Phoenix
38%
811974I Say A Little Prayer/By The Time I Get To Phoenix
38%
101970It's Only Make Believe
25%
391977Sunflower
25%
231969Try A Little Kindness
25%
351969True Grit
13%
361969Let It Be Me
13%
321968Dreams Of The Everyday Housewife
13%
761962Too Late To Worry - Too Blue To Cry
13%
261969Where's The Playground Susie
13%
191970Honey Come Back
13%
611972I Will Never Pass This Way Again
0%
741968Mornin' Glory
0%
781973One Last Time
0%
681974Houston (I'm Comin' To See You)
0%
902014I'm Not Gonna Miss You
0%
651981I Don't Want To Know Your Name
0%
621961Turn Around, Look At Me
0%
611971The Last Time I Saw Her
0%
401970Oh Happy Day
0%
541968Hey Little One
0%
521970Everything A Man Could Ever Need
0%
451965The Universal Soldier
0%
451973I Knew Jesus (Before He Was A Star)
0%
421980Somethin' 'Bout You Baby I Like
0%
381978Can You Fool
0%
361968I Wanna Live
0%
311971Dream Baby (How Long Must I Dream)
0%
271970All I Have To Do Is Dream
0%
271976Don't Pull Your Love/then You Can Tell Me Goodbye
0%
111976Country Boy (You Got Your Feet In L.A.)
0%
941981I Love My Truck
0%

Score Distribution

Percentile by Number Answered

Percent of People with Each Score

Your Score History

You have not taken this quiz